000 02215nam a2200325Ia 4500
999 _c44969
_d44969
001 11790
003 GE_BSU
005 20240621164459.0
008 181216s2014||||ge |||||||||||||| ||geo||
020 _a9789941216909
040 _cGE_BSU
041 _ageo
080 _a27-36 ა–263
245 _aადამი და ევა ; წმინდანი და მართალნი მშობელნი ღმრთისანი იოაკიმე და ანა /
_cშემდგენელი სოფიო თავაძე ; გარეკანის დიზაინერი ეთერ გზირიშვილი.
264 _aთბილისი :
_bპალიტრა L,
_c2014.
300 _a158 გვ . ;
_c20 სმ.
490 _aსაქართველოს იმედი II : ყველა წმინდანი, რომელთა შესახებაც უნდა იცოდე, 2298-0547 / პროექტის რედაქტორი თამარ მამაცაშვილი ;
_v წ. 2.
500 _aიბეჭდება სრულიად საქართველოს კათოლიკოს-პატრიარქის, უწმინდესისა და უნეტარესის ილია II-ის ლოცვა-კურთხევით
504 _aბიბლიოგრ. გვ. 157
541 _h3ლ.
653 _aადამი და ევა
653 _aწმინდანი და მართალნი მშობელნი ღმრთისანის იოაკიმე და ანა
653 _aძველი აღთქმა
653 _aახალი აღთქმა
653 _aწმინდანთა ცხოვრება
700 _aთავაძე, სოფიო
_eშემდგენელი
_95013
700 _aმამაცაშვილი, თამარ
_eპროექტის რედაქტორი
_922536
700 _aგზირიშვილი, ეთერ
_eგარეკანის დიზაინერი
_92212
942 _cBK
_2udc